• 首页
  • 本馆介绍
  • 公告通知
  • 最新文献
  • 馆藏检索
  • 电子资源
  • 读者导购
  • 参考咨询
  • 我的图书馆
  • 登录
  • 详细信息显示
  • 放入我的书架
  • 预约/预借图书
  • 作者相关作品
  • 分类相关作品
  • 丛书相关作品
  • 出版社相关作品

书目信息

  • 表格格式
  • 工作单格式
  • 卡片格式
题名:
超低渗透油藏地面工程技术
    
 
作者: 凌心强 , 朱天寿 著
分册:  
出版信息: 北京   石油工业出版社  2013.11
页数: 260页
开本: 26cm
丛书名: 超低渗透油藏勘探开发技术新进展
单 册:
中图分类: P618.130.2
科图分类:
主题词: 低渗透油气藏--地面工程--工程技术
电子资源:
ISBN: 978-7-5021-9761-2
000 01347nam0 2200301 45
001 012001000751
005 20140911173729.0
010    @a978-7-5021-9761-2@dCNY100.00
100    @a20140225d2013 em y0chiy50 ea
101 0  @achi
102    @aCN@b110000
105    @aa z 000yy
106    @ar
200 1  @a超低渗透油藏地面工程技术@Achao di shen tou you cang di mian gong cheng ji shu@b专著@f凌心强,朱天寿著
210    @a北京@c石油工业出版社@d2013.11
215    @a260页@c图,照片@d26cm
225 1  @a超低渗透油藏勘探开发技术新进展@v4
300    @a并列题名:Ground engineering technology for ultra-low permeability reservoirs
312    @a封面英文题名:Ground engineering technology for ultra-low permeability reservoirs
330    @a本书以鄂尔多斯盆地三叠系延长组超低渗透油藏为典型代表,全面论述了超低渗透油藏地面工程建设标准化与油田数字化应用等新技术和新理念,对超低渗透油藏地面工程新技术的论述和系统总结,开拓了油藏勘探开发新领域,创新了现代油藏管理模式。
461  0 @12001 @a超低渗透油藏勘探开发技术新进展
510 1  @aGround engineering technology for ultra-low permeability reservoirs@zeng
606 0  @a低渗透油气藏@x地面工程@x工程技术
690    @aP618.130.2@v5
701  0 @a凌心强@Aling xin qiang@4著
701  0 @a朱天寿@Azhu tian shou@4著
801  0 @aCN@bBJSDL@c20211011
905    @b1332093-6@dP618.130.2@e144@f4
    
    超低渗透油藏地面工程技术/凌心强,朱天寿著.-北京:石油工业出版社,2013.11
    260页:图,照片;26cm.-(超低渗透油藏勘探开发技术新进展;4)
    并列题名:Ground engineering technology for ultra-low permeability reservoirs
    
    ISBN 978-7-5021-9761-2:CNY100.00
    本书以鄂尔多斯盆地三叠系延长组超低渗透油藏为典型代表,全面论述了超低渗透油藏地面工程建设标准化与油田数字化应用等新技术和新理念,对超低渗透油藏地面工程新技术的论述和系统总结,开拓了油藏勘探开发新领域,创新了现代油藏管理模式。
●
相关链接 在E读中查询图书 在五车中查询图书 在当当中查询图书 在豆瓣中查询图书


正题名:超低渗透油藏地面工程技术     索取号:P618.130.2/144         预约/预借

序号 登录号 条形码 馆藏地/架位号 状态 备注
1 1332093   213320930   第二样本阅览室/ [索取号:P618.130.2/144] 在馆    
2 1332094   213320949   第三借阅区/ [索取号:P618.130.2/144] 在馆    
3 1332095   213320958   第三借阅区/ [索取号:P618.130.2/144] 在馆    
4 1332096   213320967   第三借阅区/ [索取号:P618.130.2/144] 在馆    
唐山师范学院图书馆 欢迎您!
大连网信软件有限公司© 版权所有